| 000 | 01433ngm a22004570a 4500 | ||
|---|---|---|---|
| 001 | PT39944 | ||
| 003 | AR-LpoUNG | ||
| 005 | 20210201235856.0 | ||
| 007 | vd cvaizq | ||
| 008 | 191001s2010||||ag |||||||||||||||||spa d | ||
| 037 | _c$2,50 | ||
| 040 |
_aAR-LpoUNG _bspa _cAR-LpoUNG _eaacr |
||
| 041 | _aspa | ||
| 044 | _aag | ||
| 082 | 0 | _a306.349 357awk | |
| 100 | 1 | _aBayer, Osvaldo | |
| 245 | 1 | 0 | _aAwka Liwen |
| 260 |
_aBuenos Aires : _bMiradas al sur, _c2010. |
||
| 300 | _aDVD (77 min.) : son., col. | ||
| 520 | _aEl tema de película es la evolución de la tenencia y propiedad de la tierra en Argentina así como de los reclamos al respecto de la comunidad mapuche. Awka Liwen, que en idioma mapuche significa rebelde amanecer, ha sido rodado en locaciones de Chubut, Salta, provincia y ciudad de Buenos Aires, Río Negro y Alemania. | ||
| 650 | 4 | _aANALISIS HISTORICO | |
| 650 | 4 | _aARGENTINA | |
| 650 | 4 | _aCOMUNIDADES | |
| 650 | 4 | _aHISTORIA POLITICA | |
| 650 | 4 | _aHISTORIA SOCIAL | |
| 650 | 4 | _aINVESTIGACION | |
| 650 | 4 | _aPOBLACION INDIGENA | |
| 650 | 4 | _aPROPIEDAD DE LA TIERRA | |
| 650 | 4 | _aTENENCIA DE LA TIERRA | |
| 650 | 4 | _aVIOLENCIA | |
| 651 | 4 | _aArgentina | |
| 653 | _aCINE ARGENTINO | ||
| 653 | _aDOCUMENTALES | ||
| 653 | _aDVD | ||
| 653 | _aMAPUCHES | ||
| 653 | _aVIDEOS | ||
| 700 | 1 |
_aAiello, Mariano _edir. |
|
| 700 | 1 |
_aHille, Kristina _edir. |
|
| 905 | _a39944 | ||
| 942 | _cDVD | ||
| 999 |
_c53671 _d53671 |
||